000 00298nam a2200133Ia 4500
008 221030s9999 xx 000 0 und d
041 _aEnglish
082 _a105.6
100 _aRahil/ 1687
245 0 _aPersonal Phone Locator
_cVishnu/ 1603
260 _c0
650 _aComputers
942 _cTH
999 _c18340
_d18340